Pays les plus proches d'un pays mystère (de A à Z) - Statistiques

Statistiques générales
  • Ce quiz a été pris 4 150 fois
  • Le résultat moyen est 15 sur 25
Statistiques - réponses
Lettre Pays le plus proche % Correct
F France
90%
I Italie
74%
E Espagne
73%
H Hongrie
73%
S Serbie | Slovénie
71%
Y Yémen
71%
D Danemark
69%
Q Qatar
67%
Z Zambie
67%
G Grèce
65%
V Vatican
63%
A Autriche
62%
Pays mystère CROATIE
62%
R Roumanie
62%
T Turquie
61%
K Kosovo
59%
U Ukraine
58%
J Jordanie
57%
P Pologne
57%
B Bosnie-Herzégovine
55%
M Monténégro
52%
N Norvège
47%
C Chypre
44%
O Ouzbékistan
43%
L Liechtenstein
41%
Aucun quiz correspondant
Distribution des résultats
% des personnes avec chaque résultat
Percentile par nombre de réponses
Votre historique - résultats
Vous n’avez pas pris ce quiz